[Event "Skilling Open CCT 2021"]
[Site "Online"]
[Date "2020.11.19"]
[Round "11.4"]
[White "Carlsen, Magnus"]
[Black "Nakamura, Hikaru"]
[Result "1/2-1/2"]
[WhiteElo "2881"]
[BlackElo "2829"]
[Annotator "TA"]
[PlyCount "69"]
[EventDate "2020.11.20"]
[EventType "tourn"]
[EventCountry "NET"]
[Tiebreak "Koya+Number of black wins+Number of wins"]
[SourceTitle "playchess.com"]
[Source "ChessBase"]
[SourceQuality "1"]

{[%evp 12,69,16,0,9,11,18,1,31,17,61,20,30,32,34,19,11,15,24,30,13,10,29,27,29,
-70,-66,-74,-57,-63,-47,-49,-55,-50,-54,-50,-76,-66,-72,-106,-106,-91,-65,-71,
-13,-15,-9,-14,-5,-30,-29,-33,0,0,0,-31,0,0,0,-25]} 1. e4 e5 2. Bc4 Nf6 3. d3
c6 4. Nf3 d5 5. Bb3 Bb4+ 6. Bd2 Bxd2+ 7. Nbxd2 Qc7 {C24: Bishop's Opening: 2...
Nf6.} 8. O-O dxe4 9. Ng5 O-O {[#]} (9... Bg4 $5 {[%cal Rg4d1]} 10. f3 (10.
Bxf7+ Qxf7 11. Nxf7 Bxd1 $15) 10... Bh5 $14) 10. Ndxe4 $146 ({Predecessor:} 10.
Ngxe4 Nxe4 11. Nxe4 Bf5 12. Ng3 Bg6 13. h4 h6 14. Qg4 Kh8 15. f4 Nd7 16. fxe5
Nxe5 17. Qf4 c5 18. h5 Bh7 19. Rfe1 f6 20. Nf5 {1/2-1/2 (20) Vogt,L (2495)
-Lechtynsky,J (2460) Trnava 1982}) 10... Nd5 11. d4 (11. Qh5 {looks sharper.}
h6 12. Nf3 Re8 13. Rfe1 Nd7 14. Qh4) 11... h6 12. Nf3 Bg4 13. dxe5 Nd7 $1 14.
h3 Bxf3 15. Qxf3 Qxe5 16. Rfe1 Rae8 17. c3 N5f6 18. Rad1 (18. Nxf6+ $11 Qxf6
19. Qxf6 Nxf6 20. Rad1) 18... Nxe4 $15 19. Rxd7 Ng5 $1 {[%csl LRe1,LRf3]} 20.
Qe3 $1 {[%cal Re3e5]} Nf3+ $1 21. gxf3 Qg5+ 22. Qxg5 Rxe1+ 23. Kg2 {[#] Qg6!
would kill now.} hxg5 24. Rxb7 {[%mdl 4096] Endgame KRR-KRB} a5 25. a4 g6 26.
Bc4 Kg7 27. Rc7 Re5 (27... Rc1 $17) 28. Rxc6 Rb8 29. Rc7 Rxb2 {White should
prevent ...Rf5.} 30. Bxf7 Re1 31. Bc4+ Kh8 {[%mdl 1024] Black has compensation.
} 32. Rc8+ Kg7 33. Rc7+ Kh8 34. Rc8+ Kg7 35. Rc7+ $1 {Weighted Error Value:
White=0.11/Black=0.11} 1/2-1/2

[Event "Skilling Open CCT 2021"]
[Site "Online"]
[Date "2020.11.19"]
[Round "11.5"]
[White "Radjabov, Teimour"]
[Black "Karjakin, Sergey"]
[Result "1-0"]
[WhiteElo "2758"]
[BlackElo "2709"]
[Annotator "TA"]
[PlyCount "101"]
[EventDate "2020.11.20"]
[EventType "tourn"]
[EventCountry "NET"]
[Tiebreak "Koya+Number of black wins+Number of wins"]
[SourceTitle "playchess.com"]
[Source "ChessBase"]
[SourceQuality "1"]

{[%evp 14,101,19,18,11,10,19,22,7,0,19,20,16,16,14,7,27,26,25,33,30,25,31,16,
37,41,29,27,25,9,4,0,20,16,11,9,156,153,137,0,256,252,227,233,252,264,285,323,
319,300,384,386,384,377,377,346,488,485,447,382,495,399,523,489,457,472,581,
581,566,530,565,538,580,509,584,573,574,562,489,509,991,1017,983,946,941,846,
29981,29982,29989,29990]} 1. d4 Nf6 2. c4 e6 3. Nf3 d5 4. Nc3 Be7 5. Bg5 O-O 6.
e3 Nbd7 7. Rc1 h6 8. Bh4 c5 {is cutting edge theory. D63: Queen's Gambit
Declined: Classical: 7 Rc1.} 9. cxd5 Nxd5 10. Bxe7 Nxe7 {The position is equal.
} 11. Be2 cxd4 12. Nxd4 Nf6 13. O-O Bd7 14. Qb3 {[#]} Rb8 $146 ({Predecessor:} 
14... Qa5 15. Rfd1 Rfd8 16. Bf3 Rab8 17. h3 b5 18. Ne4 Nxe4 19. Bxe4 b4 20. Nf3
Nd5 {1/2-1/2 (48) Krasenkow,M (2636)-Inarkiev,E (2672) Baku 2014}) 15. Qa3 a6
16. Rfd1 Re8 17. Nb3 Qb6 18. Na5 Nc6 19. Nc4 Qa7 20. Nd6 Red8 21. b4 Qb6 22.
Rb1 Ne5 23. b5 axb5 24. Ncxb5 {aiming for Qc3.} Ne8 {[#]} (24... Bc6 $11) 25.
f4 $1 $16 {[%cal Rf4e5]} Ra8 26. Qc3 (26. Qc1 $16 Ng6 27. Nc3 Qxd6 28. Rxd6
Nxd6 29. e4) 26... Bxb5 $4 {[%mdl 8192] White leaves nothing to chance now.} (
26... Ng6 $1 $11) 27. Rxb5 $18 {[%mdl 64] Double Attack} Qc6 28. Rc5 ({
Stronger than} 28. Qxe5 Rxd6 29. Rdb1 Rd5 $11) 28... Rxd6 29. Rxc6 Rxd1+ 30.
Bxd1 {Black must now prevent Rc8.} Nxc6 31. Qb3 Ra7 32. Bf3 Na5 33. Qb5 Ra8 34.
Qc5 g6 (34... Nf6 {keeps fighting.} 35. Qb5 Ra7) 35. g4 Ng7 36. h3 Ne8 37. Kg2
Ng7 38. Kg3 Ne8 39. a4 Ng7 40. Qb4 Ra6 41. Be2 Ra8 42. Bb5 Kh7 43. Qe7 Kg8 44.
Qc7 Kf8 45. e4 Kg8 46. Kf3 g5 (46... h5 $142 47. Kg3 e5 48. Qxe5 Rc8) 47. f5
exf5 48. gxf5 Nh5 49. Qe7 Nb3 50. Kg4 Ng7 {[#]} 51. Bc4 $1 {[%mdl 64] Double
Attack.  Weighted Error Value: White=0.10/Black=0.52} 1-0

[Event "Skilling Open CCT 2021"]
[Site "Online"]
[Date "2020.11.19"]
[Round "11.6"]
[White "Anton Guijarro, David"]
[Black "Giri, Anish"]
[Result "1/2-1/2"]
[WhiteElo "2667"]
[BlackElo "2731"]
[Annotator "TA"]
[PlyCount "68"]
[EventDate "2020.11.20"]
[EventType "tourn"]
[EventCountry "NET"]
[Tiebreak "Koya+Number of black wins+Number of wins"]
[SourceTitle "playchess.com"]
[Source "ChessBase"]
[SourceQuality "1"]

{[%evp 13,68,-10,0,-5,-2,-1,-2,-5,0,0,0,0,11,18,14,2,39,26,32,41,43,36,36,25,
24,16,29,22,13,14,13,9,9,12,12,11,10,10,10,10,10,13,10,11,16,13,16,10,16,0,0,0,
16,0,9,0,19]} 1. d4 Nf6 2. c4 e6 3. Nc3 Bb4 4. e3 O-O 5. Bd2 d5 6. Nf3 b6 7.
cxd5 exd5 8. Bd3 {E51: Nimzo-Indian: Rubinstein: 4...0-0 5 Nf3 d5.} Bd6 9. O-O
Re8 10. Rc1 {[#]} c5 $146 ({Predecessor:} 10... a6 11. Re1 Bb7 12. Qc2 Ne4 13.
a3 Qe7 14. Na2 Nd7 15. Bb4 c5 16. Bc3 Rac8 {0-1 (42) Schmalzried,V (1901)
-Glantz,R (2310) Berlin 2013}) 11. Bb5 Bd7 12. b3 a6 13. Bxd7 Nbxd7 14. dxc5
Nxc5 15. Ne2 Nce4 16. Bc3 Nxc3 17. Nxc3 Qd7 18. Na4 Qb7 19. Qd4 Rab8 20. Rc2 b5
{The position is equal.} 21. Nc5 Bxc5 22. Rxc5 Ne4 23. Rc2 ({Of course not} 23.
Rxd5 Nc3 $17) 23... Rbc8 24. Rfc1 h6 25. Qd3 b4 26. Nd4 Rc3 27. Rxc3 Nxc3 28.
a3 a5 29. g3 g6 30. h4 h5 31. Rc2 Ra8 32. Rc1 Re8 33. Rc2 Ra8 34. Rc1 Re8 {
Weighted Error Value: White=0.04/Black=0.01} 1/2-1/2

[Event "Skilling Open CCT 2021"]
[Site "Online"]
[Date "2020.11.19"]
[Round "11.7"]
[White "Firouzja, Alireza"]
[Black "Ding, Liren"]
[Result "1-0"]
[WhiteElo "2703"]
[BlackElo "2836"]
[Annotator "RC"]
[PlyCount "87"]
[EventDate "2020.11.20"]
[EventType "tourn"]
[EventCountry "NET"]
[Tiebreak "Koya+Number of black wins+Number of wins"]
[SourceTitle "playchess.com"]
[Source "ChessBase"]
[SourceQuality "1"]
[TimeControl "900+10"]

1. e4 {[%emt 0:00:00]} e5 {[%emt 0:00:00]} 2. Nf3 {[%emt 0:00:00]} Nc6 {
[%emt 0:00:00]} 3. Bc4 {[%emt 0:00:00]} Nf6 {[%emt 0:00:00]} 4. d3 {[%emt 0:00:
00]} Bc5 {[%emt 0:00:00]} 5. c3 {[%emt 0:00:00]} d6 {[%emt 0:00:03]} 6. O-O {
[%emt 0:00:05]} O-O {[%emt 0:00:07]} 7. Re1 {[%emt 0:00:06]} a5 {[%emt 0:00:08]
} 8. h3 {[%emt 0:00:04]} h6 {[%emt 0:00:11]} 9. Bb3 {[%emt 0:00:05]} b5 {
[%emt 0:00:24]} 10. d4 {[%emt 0:00:25]} Bb6 {[%emt 0:00:59]} 11. Be3 {[%emt 0:
00:04]} a4 {[%emt 0:00:41]} 12. Bc2 {[%emt 0:00:04]} exd4 {[%emt 0:03:06]} 13.
cxd4 {[%emt 0:00:05]} Nb4 {[%emt 0:00:01]} 14. Nc3 {[%emt 0:00:04]} Nxc2 {
[%emt 0:01:04]} 15. Qxc2 {[%emt 0:00:02]} Ba5 {[%emt 0:00:02]} 16. Bd2 {
[%emt 0:02:18]} Rb8 {[%emt 0:03:06]} 17. e5 {[%emt 0:04:36]} dxe5 {[%emt 0:00:
14]} 18. dxe5 {[%emt 0:00:02]} Bxc3 {[%emt 0:00:00]} 19. Qxc3 {[%emt 0:01:43]}
Nd5 {[%emt 0:00:14]} 20. Qc5 {[%emt 0:00:01]} Be6 {[%emt 0:00:53]} 21. Rac1 {
[%emt 0:00:36]} Qd7 {[%emt 0:01:05]} 22. Red1 {[%emt 0:00:24]} Rfc8 {[%emt 0:
03:22]} 23. Nd4 {[%emt 0:01:06]} c6 {[%emt 0:00:00]} 24. Kh2 {[%emt 0:02:27]}
Rb7 {[%emt 0:00:07]} 25. Be1 {[%emt 0:00:49]} Qe8 {[%emt 0:00:45]} 26. a3 {
[%emt 0:01:00]} Bd7 {[%emt 0:00:06]} 27. Nf3 {[%emt 0:00:41]} Nf4 {[%emt 0:00:
19]} 28. Qe3 {[%emt 0:00:20]} Nd5 {[%emt 0:00:59]} 29. Qe4 {[%emt 0:00:08]} Nb6
{[%emt 0:00:15]} 30. Rc5 {[%emt 0:00:31]} Be6 {[%emt 0:00:07]} 31. Nd4 {
[%emt 0:01:02]} Bd5 {[%emt 0:00:07]} 32. Qg4 {[%emt 0:00:29]} Qxe5+ {[%emt 0:
00:57]} 33. f4 {[%emt 0:00:02]} Qf6 {[%emt 0:00:01]} 34. Bc3 {[%emt 0:00:33]}
Qg6 {[%emt 0:00:02]} 35. Nf5 {[%emt 0:00:19]} Qxg4 {[%emt 0:00:09]} 36. hxg4 {
[%emt 0:00:00]} Rd7 {[%emt 0:00:46]} 37. Nxg7 {[%emt 0:00:16]} Be6 {[%emt 0:00:
31]} 38. Rxd7 {[%emt 0:00:12]} Bxd7 {[%emt 0:00:01]} 39. Nh5 {[%emt 0:00:12]}
Be6 {[%emt 0:00:03]} 40. Nf6+ {[%emt 0:00:12]} Kf8 {[%emt 0:00:01]} 41. Rh5 {
[%emt 0:00:25]} Nd5 {[%emt 0:00:01]} 42. Nxd5 {[%emt 0:00:11]} Bxd5 {[%emt 0:
00:00]} 43. Rxh6 {[%emt 0:00:03]} Re8 {[%emt 0:00:07]} 44. Bf6 {[%emt 0:00:11]}
1-0

[Event "Skilling Open CCT 2021"]
[Site "Online"]
[Date "2020.11.19"]
[Round "11.8"]
[White "Aronian, Levon"]
[Black "Duda, Jan-Krzysztof"]
[Result "1-0"]
[WhiteElo "2778"]
[BlackElo "2774"]
[Annotator "TA"]
[PlyCount "69"]
[EventDate "2020.11.20"]
[EventType "tourn"]
[EventCountry "NET"]
[Tiebreak "Koya+Number of black wins+Number of wins"]
[SourceTitle "playchess.com"]
[Source "ChessBase"]
[SourceQuality "1"]

{[%evp 9,69,0,11,0,0,0,12,0,6,12,12,13,22,15,18,27,33,16,27,27,15,8,32,0,-5,-3,
-8,-16,3,12,0,3,56,63,52,44,97,90,132,124,123,123,157,137,242,277,253,260,389,
379,685,678,677,644,1028,1044,1256,1064,2780,2560,2014,1870]} 1. e4 e5 2. Bc4
Nf6 3. d3 c6 4. Nf3 d5 5. Bb3 a5 {White must now prevent ...a4.} 6. a4 {
C24: Bishop's Opening: 2...Nf6.} ({But not} 6. Nxe5 $2 a4 $19) 6... Bb4+ 7. c3
Bd6 8. exd5 {The position is equal.} cxd5 9. Bg5 Be6 $1 10. Na3 Nc6 11. Nb5 Bb8
12. O-O O-O 13. Re1 h6 14. Bh4 g5 15. Bg3 {[%cal Rf3e5]} Bg4 {[#]} 16. h3 $5
$146 {[%mdl 8] New and interesting.} ({Predecessor:} 16. Qd2 Bxf3 17. gxf3 Qd7
18. Kg2 Qf5 19. h4 Ne7 20. hxg5 hxg5 21. Rh1 Ng6 22. Rae1 {0-1 (61) Onischuk,V
(2608)-Motylev,A (2665) Minsk 2017}) 16... Bh5 17. Re3 Kg7 18. Rc1 Ng8 19. d4
$36 {[%cal Rd4e5][%mdl 2048] White has some pressure.} e4 {Strongly
threatening ...Bf4.} 20. Bxb8 Rxb8 (20... Qxb8 $11 21. g4 Bg6) 21. g4 $14 Bg6
22. Ne5 Bh7 {[#]} (22... Nf6 $14) 23. c4 $1 $16 {[%cal Rc4d5]} dxc4 24. Nxc4 ({
Much worse is} 24. Bxc4 $6 Nge7 $11) 24... Nf6 25. Ncd6 Nb4 {[#]} 26. d5 $1 {
Hoping for Qd4.} Qb6 (26... Nd3 $16 {is a better defense.}) 27. Rc7 $18 Nd3 28.
Qc2 Bg6 (28... Rbd8 {keeps fighting.}) 29. Qc3 Rfd8 $2 (29... Nf4 30. Nc4 Qa6)
30. Nc4 {White is clearly winning.} Qa6 31. d6 Nf4 32. Ne5 Rxd6 33. Nxf7 Bxf7
34. Rxf7+ Kg6 {[#]} 35. Qc7 $1 {[%mdl 512] Weighted Error Value: White=0.04/
Black=0.32} 1-0

[Event "Skilling Open CCT 2021"]
[Site "Online"]
[Date "2020.11.19"]
[Round "12.1"]
[White "Vachier-Lagrave, Maxime"]
[Black "Duda, Jan-Krzysztof"]
[Result "1-0"]
[WhiteElo "2860"]
[BlackElo "2774"]
[Annotator "TA"]
[PlyCount "87"]
[EventDate "2020.11.20"]
[EventType "tourn"]
[EventCountry "NET"]
[Tiebreak "Koya+Number of black wins+Number of wins"]
[SourceTitle "playchess.com"]
[Source "ChessBase"]
[SourceQuality "1"]

{[%evp 17,87,10,17,22,20,10,19,14,16,13,17,0,8,-10,0,-10,0,0,28,27,25,25,25,17,
29,21,43,18,26,30,31,24,31,16,31,8,1,7,30,29,25,13,63,68,102,98,98,92,236,222,
593,593,593,592,630,607,779,764,727,731,679,635,1014,997,1043,1022,1054,1050,
1296,1427,1175,1089]} 1. e4 e5 2. Nf3 Nf6 3. Nxe5 d6 4. Nf3 Nxe4 5. d3 Nf6 6.
d4 d5 7. Bd3 Bd6 8. Qe2+ Qe7 9. Qxe7+ Kxe7 10. O-O {C01: French: Exchange
Variation.} Nc6 11. Re1+ Kf8 12. c3 {The position is equal.} h6 13. Ne5 Ne7 {
[#]} 14. Nd2 $146 ({Predecessor:} 14. b3 g6 15. Na3 a6 16. Nc2 Kg7 17. f3 Bf5
18. Bxf5 Nxf5 19. Nd3 Rhe8 20. Bf4 a5 21. a4 Rxe1+ 22. Rxe1 {1-0 (60) Ramirez
Garcia,J (2269)-Barbero Sendic,A (2346) Barcelona 2019}) 14... Bf5 15. Bf1 Rd8
16. g3 c6 17. a4 {[%cal Ba2a4,Ba4a5][%mdl 32]} Ne8 18. a5 f6 19. Nd3 g5 20. Nc5
Bxc5 21. dxc5 a6 22. Nf3 Nc7 23. Nd4 {Strongly threatening Rxe7!} Bc8 24. Bd3
Kf7 25. Be3 Ne6 26. Be2 h5 27. Nxe6 Bxe6 28. Ra4 h4 29. g4 h3 30. f4 d4 31.
Bxd4 {fxg5 is the strong threat.} gxf4 {[#]} 32. g5 $1 {[%mdl 512]} Nd5 {
Loses the game.} (32... fxg5 $16 33. Bxh8 Rxh8) 33. Bxf6 $18 {[%mdl 64] Double
Attack} Kg6 $2 (33... Nxf6 34. Rxf4 {[%mdl 64] Pin} (34. gxf6 Rh4 $11) 34...
Kg7) 34. Bxd8 {White is clearly winning.} Rxd8 35. Rd4 Rf8 {[#]} 36. Bxa6 $1
bxa6 37. Rxe6+ {[%mdl 64] Double Attack} Kxg5 38. Rxc6 {[%mdl 4096] Endgame
KRR-KRN} Ne3 39. Re6 Kf5 40. Ree4 Rg8+ 41. Kf2 Ng4+ 42. Ke1 Nxh2 43. Rxf4+ Ke5
44. Ke2 {Weighted Error Value: White=0.06/Black=0.35} 1-0

[Event "Skilling Open CCT 2021"]
[Site "Online"]
[Date "2020.11.19"]
[Round "12.2"]
[White "Ding, Liren"]
[Black "Aronian, Levon"]
[Result "1/2-1/2"]
[WhiteElo "2836"]
[BlackElo "2778"]
[Annotator "TA"]
[PlyCount "64"]
[EventDate "2020.11.20"]
[EventType "tourn"]
[EventCountry "NET"]
[Tiebreak "Koya+Number of black wins+Number of wins"]
[SourceTitle "playchess.com"]
[Source "ChessBase"]
[SourceQuality "1"]

{[%evp 18,64,22,18,10,0,15,10,16,23,36,51,27,29,29,46,46,44,39,0,0,0,0,0,0,0,0,
0,0,0,0,0,0,0,0,0,0,0,0,0,0,0,0,0,0,0,0,0,0]} 1. d4 Nf6 2. c4 e6 3. g3 d5 4.
Bg2 Be7 5. Nf3 O-O 6. O-O dxc4 7. Qc2 a6 8. a4 Bd7 9. Qxc4 Bc6 10. Bf4 Bd6 {
E05: Open Catalan: 5 Nf3 Be7.} 11. Qc1 h6 $5 {[%mdl 4] [#] 11...Nbd7 is a
critical line. An interesting side line.} (11... a5 12. Nc3 Na6 13. Bd2 Nb4 14.
Qb1 Bxf3 15. Bxf3 c6 16. Rd1 Qe7 17. Ne4 Nxe4 18. Qxe4 {1-0 (44) Ding,L (2760)
-Aronian,L (2785) Sharjah 2017 CBM 177 [Yermolinsky,A]}) 12. Re1 $146 ({
Predecessor:} 12. Nc3 Ne4 13. a5 Nd7 14. Rd1 Qe7 15. Qc2 Nxc3 16. bxc3 Bxf4 17.
gxf4 Nf6 18. e3 {1/2-1/2 (37) Sargissian,G (2672)-Kasimdzhanov,R (2683) Riadh
2017}) 12... Nbd7 13. Nc3 Ne4 14. Ne5 Bxe5 15. dxe5 Nxc3 16. Bxc6 Nxe2+ $1 17.
Rxe2 bxc6 {[#]} 18. Bxh6 $1 {[%mdl 512]} gxh6 {The position is equal.} 19. Qxh6
{Black must now prevent Re4.} Qe7 $1 20. Re4 {White threatens Rg4+ and mate.}
f5 21. Rh4 Qg7 {And now ...Qxh6 would win.} 22. Qxe6+ {[%mdl 64] [#] Double
Attack} Qf7 $1 {[%cal Rf7e6]} 23. Qh6 {[%csl Gh4][%cal Rh6h8]} Qg7 24. Qxc6
Nxe5 25. Qd5+ Nf7 26. Qxf5 {Threatens to win with Rg4.} Ne5 27. Qe6+ Qf7 28.
Qxe5 {[%csl Ge5][%cal Rh4h8]} Qxf2+ 29. Kh1 Qf3+ 30. Kg1 {Rh8+ would kill now.}
Qf2+ 31. Kh1 Qf3+ 32. Kg1 {Threatening mate with Rh8+.} Qf2+ {Weighted Error
Value: White=0.04/Black=0.02} 1/2-1/2

[Event "Skilling Open CCT 2021"]
[Site "Online"]
[Date "2020.11.19"]
[Round "12.3"]
[White "Giri, Anish"]
[Black "Firouzja, Alireza"]
[Result "0-1"]
[WhiteElo "2731"]
[BlackElo "2703"]
[Annotator "TA"]
[PlyCount "110"]
[EventDate "2020.11.20"]
[EventType "tourn"]
[EventCountry "NET"]
[Tiebreak "Koya+Number of black wins+Number of wins"]
[SourceTitle "playchess.com"]
[Source "ChessBase"]
[SourceQuality "1"]

{[%evp 18,110,30,9,14,10,37,24,15,22,35,10,46,25,35,11,60,62,82,54,76,69,73,59,
50,35,38,81,36,27,187,187,216,199,205,39,135,39,75,54,116,86,252,-41,-28,-39,
-40,-115,-101,-108,-79,-75,-87,-84,-58,-232,-172,-179,-191,-266,-265,-258,-242,
-225,-163,-223,-223,-163,-45,-90,-88,-373,-321,-314,-268,-662,-602,-890,-851,
-1911,-1792,-1792,-1945,-1868,-1679,-1987,-1888,-1575,-1700,-2220,-1802,-4864,
-2825,-5100,-4641]} 1. e4 c5 2. Nf3 d6 3. d4 cxd4 4. Nxd4 Nf6 5. Nc3 Nc6 6. Bg5
e6 7. Qd2 a6 8. O-O-O Bd7 9. f3 Be7 10. Kb1 Nxd4 $1 {[%mdl 4] is currently
scoring better than 10...Qc7. B67: Sicilian: Richter-Rauzer: 7...a6 8 0-0-0
Bd7, lines without 9 f4 Be7.} 11. Qxd4 Qc7 12. g4 h5 {White has an edge.} 13.
gxh5 Nxh5 {[#]} 14. Rg1 $5 $146 {[%mdl 8] New and interesting.} ({Predecessor:
} 14. h4 Qc5 15. Qd2 b5 16. Bd3 b4 17. Ne2 a5 18. Rhg1 a4 19. Bxe7 Kxe7 20. Rg5
{0-1 (53) Grischuk,A (2777)-Firouzja,A (2723) Moscow 2019}) 14... Rc8 15. Qd2
b5 16. Bd3 Bxg5 17. Rxg5 b4 18. Ne2 Qb6 19. f4 g6 20. Ng3 Nf6 21. f5 gxf5 22.
exf5 e5 23. Ne4 Nxe4 $2 (23... d5 $11 24. Nxf6+ Qxf6) 24. Bxe4 $18 Rc4 25. Qg2
$1 Kd8 26. Bd3 $2 (26. Rg7 $18) 26... Rd4 (26... Rch4 $14) 27. Rc1 ({White
should play} 27. Rg8+ $16 Rxg8 28. Qxg8+ {[%mdl 64] Double Attack} Be8 29. Qg5+
Kd7 30. h4) 27... Kc7 28. Rg7 Rf8 (28... Be8 $14) 29. Qg5 d5 $2 (29... Qb8 $16
{was necessary.}) 30. Qe7 $2 ({White must play} 30. h4 $1 $18) 30... Qd6 $15
31. f6 Rf4 32. c4 (32. Rf1 $1 $15) 32... Qxe7 33. fxe7 Re8 34. cxd5+ Kd6 {
[%mdl 64] Double Attack} 35. Bxa6 Rxe7 36. Bc8 $2 ({White should try} 36. Kc2
$15) 36... Bxc8 ({Less strong is} 36... Kxd5 37. Rg8 $17) 37. Rxc8 Kxd5 $19 {
[%mdl 4096] Endgame KRR-KRR} 38. Rg2 (38. Rd8+ $142 Ke6 39. Rb8) 38... e4 39.
Rd2+ Ke5 {aiming for ...e3.} 40. Rc5+ {[#]} Kf6 $1 41. Kc2 {[#]} Re5 $1 {
[%cal Re5c5]} 42. Rc7 Kg6 (42... e3 $19 43. Re2 Rd4) 43. Kd1 f6 44. Rb7 $2 {
[%mdl 8192]} (44. Ke1 $17) 44... e3 {And now ...Rf1+ would win.} 45. Rg2+ Kf5
46. Ke2 $2 (46. Rh7 Rd4+ 47. Ke1) 46... Rd4 {Threatens to win with ...Rd2+.
Black is clearly winning.} 47. Ke1 Rc4 {...Rc1+ is the strong threat.} 48. Rbg7
Rc1+ 49. Ke2 Rc2+ {[%mdl 64] Double Attack} 50. Kd3 {[#]} e2 $1 {[%mdl 512]}
51. Rg1 Rxb2 {( -> ...Rc5)} 52. Re1 Rxa2 53. Rb7 Kf4 54. Rxb4+ Kf3 55. Rbb1 Kf2
{Never resign too early!  Weighted Error Value: White=1.01/Black=0.27} 0-1

[Event "Skilling Open CCT 2021"]
[Site "Online"]
[Date "2020.11.19"]
[Round "12.4"]
[White "Karjakin, Sergey"]
[Black "Anton Guijarro, David"]
[Result "0-1"]
[WhiteElo "2709"]
[BlackElo "2667"]
[Annotator "TA"]
[PlyCount "94"]
[EventDate "2020.11.20"]
[EventType "tourn"]
[EventCountry "NET"]
[Tiebreak "Koya+Number of black wins+Number of wins"]
[SourceTitle "playchess.com"]
[Source "ChessBase"]
[SourceQuality "1"]

{[%evp 11,94,10,15,17,16,0,10,10,35,43,38,19,34,34,25,-19,-11,-16,-3,-14,0,0,0,
0,6,0,0,0,0,0,0,0,8,0,0,-14,0,0,0,0,0,-18,0,0,54,0,3,6,5,8,8,0,22,39,97,104,
232,172,198,189,197,196,225,224,231,225,228,235,224,221,301,246,283,177,178,
225,284,272,279,202,196,-953,-953,-29996,-29997]} 1. e4 e5 2. Nf3 Nc6 3. Bc4
Bc5 4. c3 Nf6 5. d3 d6 6. h3 h6 7. Nbd2 {C54: Giuoco Piano: 4 c3 Nf6, main
lines with 5 d4 and 5 d3.} a5 8. Nf1 O-O 9. Ng3 {[#] The position is equal.} d5
$146 ({Predecessor:} 9... Be6 10. Bb3 Bxb3 11. axb3 d5 12. Qe2 Re8 13. O-O Qd7
14. Nh4 Qe6 15. Qf3 Bf8 {0-1 (59) Dourerassou,J (2484)-Fressinet,L (2657)
Paris 2017}) 10. exd5 Nxd5 11. O-O Nb6 12. Bb5 Bd6 13. d4 exd4 14. Bxc6 bxc6
15. Nxd4 Qf6 16. Ne4 Qg6 17. Nxd6 cxd6 18. Nxc6 Re8 19. Nd4 Bxh3 $1 {[%csl Gh3]
[%cal Rg6g2]} 20. Qf3 Bd7 21. b3 Re4 22. Bf4 Nd5 23. Bd2 Rae8 24. Rfe1 Nf6 25.
Rxe4 Nxe4 26. Bf4 h5 27. Re1 h4 (27... d5 $11) 28. c4 ({Better is} 28. Qd3 $1
$14) 28... Kh7 29. Qd3 h3 {[%csl Gh3][%cal Rg6g2]} 30. g3 $1 f5 $1 $132 {
[%mdl 2048] White must now prevent ...Nxg3. Black is not keeping still} 31. Qf1
Qh5 {Strongly threatening ...g5.} (31... h2+ $5 32. Kxh2 Qf6 $14) 32. f3 h2+ (
32... g5 $14 33. fxe4 gxf4 34. Qxf4 {[%mdl 64] Double Attack} Qh6) 33. Kh1 $16
Nf6 (33... g5 $16 {was called for.} 34. fxe4 gxf4 35. Qxf4 {[%mdl 64] Double
Attack} fxe4) 34. Rxe8 Nxe8 35. Qe2 Qf7 36. a4 Qf6 37. Qxh2+ Kg8 38. Qd2 Nc7
39. Nb5 (39. Qxa5 Qxd4 40. Qxc7 Qd1+ 41. Kg2 Qe2+ 42. Kh3 Qf1+ 43. Kh2 Qxf3 $11
) 39... Ne6 40. Qxd6 (40. Bxd6 Bc6 $11) ({Not} 40. Nxd6 g5 $17) 40... Qa1+ {[#]
} 41. Kg2 $1 Qe1 42. Qb8+ ({Worse is} 42. Qxd7 Qe2+ 43. Kh3 (43. Kg1 Qe1+ 44.
Kg2 Qe2+ 45. Kh3 Qf1+ 46. Kh2 Qf2+ 47. Kh3 Qf1+ 48. Kh2 Qf2+ 49. Kh3 Qf1+ $11)
43... Qf1+ 44. Kh2 Qf2+ 45. Kh3 Qf1+ 46. Kh2 Qf2+ 47. Kh3 Qf1+ $11) 42... Kh7
43. Qe5 Qd1 44. Qxf5+ g6 45. Qf7+ Ng7 {( -> ...Qe2+)} 46. Be3 $4 {[%mdl 8192] 
[#]} (46. Kf2 $18) 46... Bh3+ $1 $19 {[%mdl 512]} 47. Kh2 {[#]} (47. Kxh3 Qh1+)
47... Qf1 $1 {[%mdl 512] Black used his chance.  Weighted Error Value: White=0.
36/Black=0.16} 0-1